The rise of multinationals in continental Europe

Αποθηκεύτηκε σε:
Λεπτομέρειες βιβλιογραφικής εγγραφής
Άλλοι συγγραφείς: Jones, Geoffrey 1952- (Επιμελητής έκδοσης), Schroter, Harm G. 1948- (Επιμελητής έκδοσης)
Μορφή: Βιβλίο
Γλώσσα:English
Δημοσίευση: Aldershot : Edward Elgar, c1993
Σειρά:New business history series
Θέματα:
Ετικέτες: Προσθήκη ετικέτας
Δεν υπάρχουν, Καταχωρήστε ετικέτα πρώτοι!

MARC

LEADER 00000nam a2200000 i 4500
001 1/87362
008 990722s1993 eng d
020 |a 1-85278-544-6 
035 |l 10052277 
040 |a GR-MY-UA  |b gre  |e aacr 
041 0 |a eng 
082 0 |a 338.8884 
245 1 4 |a The rise of multinationals in continental Europe /  |c Edited by Geoffrey Jones, Harm G. Schroter 
260 |a Aldershot :   |b Edward Elgar,   |c c1993 
300 |a 217 p.  |b tabl. 
490 1 |a The New business history series 
504 |a Includes bibliographical references and index 
650 0 0 |a International business enterprises  |z Europe. 
650 0 0 |a Corporations, Foreign  |z Europe. 
700 1 |a Jones, Geoffrey  |d 1952-  |4 edt 
700 1 |a Schroter, Harm G.  |d 1948-  |4 edt 
830 0 |a New business history series 
852 |a INST  |b LESVOS  |e 19990722  |h 338.8884 RIS  |p 005100019811  |q 005100019811  |t BK  |y 0 
901 |a BIBL1-1999-2 
909 |a Λ  |b 062759 
922 |a 1ΕΛΗ  |b 199812  |c ΚΠΣ/ΤΓ  |d LEADER 
950 |a  118-1998-10-19 
970 |a ΜΟΥΣΤΑΚΑ  |b ΠΗΝΕΛΟΠΗ  |z 1999/08/02